000 01175cab a22002055a 4500
001 L153580
008 110808e20110722xxk 000 0 eng d
035 _a(Sirsi) u153580
041 0 _aeng
100 1 _aStewart, Sarah
245 0 0 _aMarkets
_bSouth-west
260 _c2011
490 0 _aProperty Week
_v77(29) 22 July 2011, 45-51(5)
520 _aDeveloper Verve Properties wants BBC to expand into Verve's 120 000 sq ft extension of the Paintworks Development in Bristol. Urban Splash plans to redevelop Torbay Council's Oldway Mansion in Paignton into a 55-bed hotel. Quintain and Aviva Investors will complete phase two of Bristol Science Park at Emersons Green. Bristol's Cabot Circus is now 97%. Mulberry founder to open a £10m retail-led scheme at Kilver Court in Shepton Mallet. British Land's major purchases in Plymouth and Barnstaple show their commitment to the region. Sainsbury's to facilitate Bristol Rovers move to a new stadium.
590 _aKA
651 4 _aEngland
_y886-
690 _aPROPERTY-COMMERCIAL PROPERTY-COMMERCIAL PROPERTY MARKET
690 _aPROPERTY-COMMERCIAL PROPERTY-COMMERCIAL PROPERTY FINANCE AND INVESTMENT
942 _n0
999 _c83321
_d83321